Risk management for meetings and events (Record no. 216849)

MARC details
000 -LEADER
fixed length control field 00471nam a2200169Ia 4500
008 - FIXED-LENGTH DATA ELEMENTS--GENERAL INFORMATION
fixed length control field 231221s9999 xx 000 0 und d
020 ## - INTERNATIONAL STANDARD BOOK NUMBER
International Standard Book Number 9780000000000
041 ## - LANGUAGE CODE
Language code of text/sound track or separate title English
082 ## - DEWEY DECIMAL CLASSIFICATION NUMBER
Classification number 658.404 SIL;1 R
100 ## - MAIN ENTRY--PERSONAL NAME
Personal name Silvers, Julia Rutherford.
245 #0 - TITLE STATEMENT
Title Risk management for meetings and events
260 ## - PUBLICATION, DISTRIBUTION, ETC.
Date of publication, distribution, etc. 2008
Name of publisher, distributor, etc. Routledge
Place of publication, distribution, etc. London
300 ## - PHYSICAL DESCRIPTION
Extent xxvi, 354
440 ## - SERIES STATEMENT/ADDED ENTRY--TITLE
Title Events management series
650 ## - SUBJECT ADDED ENTRY--TOPICAL TERM
Topical term or geographic name entry element Risk,management,meetings,events
942 ## - ADDED ENTRY ELEMENTS (KOHA)
Koha item type Hotel Management Library
Holdings
Date last seen Total checkouts Full call number Accession number Cost, total (INR) price Price effective from Category Lost status Damaged status Department Withdrawn status Home library Current library Shelving location Entry date Vendor Cost, normal purchase price Grants Billnumber Currency symbol Conversion rate Discount Old discount
26/01/2024   658.404 SIL;1 R HM1515 2608.50 26/01/2024 Hotel Management Library     HEM   Central Library Central Library HM   Surya Infotainment Products Pvt. Ltd. 33.99 HM SIPHO/2013/CRB/1385 POUND 106.6 9.52 28

© For any Suggestions or Query, please contact the library staff @ librarian@pes.edu or Phone: +9180 2672 1983/ 2108.